[Event "SLO-ch U12"]
[Site "Ptuj"]
[Date "2017.03.03"]
[Round "9"]
[White "Pintaric, Maj"]
[Black "Luznik Robba, Jaka"]
[Result "1-0"]
[WhiteElo "1072"]
[BlackElo "1741"]
[PlyCount "113"]
[EventDate "2017.02.27"]
[EventType "swiss"]
[EventRounds "9"]
[EventCountry "SLO"]
[SourceTitle "CBM 177 Extra"]
[Source "ChessBase"]
[SourceDate "2017.04.27"]
[SourceVersion "1"]
[SourceVersionDate "2017.04.27"]
[SourceQuality "1"]

1. e4 e5 2. Nf3 Nc6 3. Bb5 Nge7 4. d3 a6 5. Ba4 b5 6. Bb3 Bb7 7. Ng5 d5 8. 0-0 h6 9. Nf3 Na5 10. Bxd5 Nxd5 11. exd5 Qxd5 12. Nc3 Qe6 13. Re1 f6 14. Qe2 Bd6 15. Ne4 0-0 16. Bd2 Nc6 17. c3 Rad8 18. Nxd6 cxd6 19. Be3 Rfe8 20. b3 Rc8 21. Rad1 Ne7 22. Rc1 Nd5 23. Bd2 Rc7 24. c4 bxc4 25. bxc4 Ne7 26. Rc2 d5 27. Ba5 Rc5 28. Bb4 Rc6 29. Rec1 Rec8 30. Bxe7 Qxe7 31. cxd5 Rxc2 32. Rxc2 Rxc2 33. Qxc2 Bxd5 34. Qc8+ Kf7 35. Qxa6 Qb7 36. Qxb7+ Bxb7 37. a3 Bxf3 38. gxf3 Ke6 39. Kf1 Kd5 40. Ke2 Kd4 41. Kd2 g5 42. a4 Kc5 43. Ke3 f5 44. h3 Kb4 45. d4 exd4+ 46. Kxd4 Kxa4 47. Ke5 f4 48. Kf5 Kb4 49. Kg6 Kc4 50. Kxh6 g4 51. hxg4 Kd3 52. Kg5 Ke2 53. Kxf4 Kxf2 54. g5 Kg2 55. g6 Kh1 56. g7 Kh2 57. g8Q 1-0

[Event "SLO-ch U12"]
[Site "Ptuj"]
[Date "2017.03.02"]
[Round "7"]
[White "Lajovic, Maks"]
[Black "Pintaric, Maj"]
[Result "0-1"]
[WhiteElo "1574"]
[BlackElo "1072"]
[PlyCount "58"]
[EventDate "2017.02.27"]
[EventType "swiss"]
[EventRounds "9"]
[EventCountry "SLO"]
[SourceTitle "CBM 177 Extra"]
[Source "ChessBase"]
[SourceDate "2017.04.27"]
[SourceVersion "1"]
[SourceVersionDate "2017.04.27"]
[SourceQuality "1"]

1. e4 c5 2. Nf3 d6 3. Nc3 Nf6 4. Bc4 e6 5. 0-0 Be7 6. d3 a6 7. Be3 d5 8. exd5 exd5 9. Nxd5 Nxd5 10. Bxd5 Qxd5 11. c4 Qd8 12. Re1 0-0 13. Qc2 Bf5 14. Rad1 Nc6 15. Qb3 Qd7 16. d4 cxd4 17. Nxd4 Nxd4 18. Bxd4 Qc7 19. Be5 Qc5 20. Bd4 Qb4 21. Qg3 Bg6 22. b3 Rfe8 23. Re4 Qd6 24. Qg4 Rad8 25. c5 Qd7 26. Qg3 Bxc5 27. Rxe8+ Rxe8 28. Qf4 Bxd4 29. Rxd4 Re1# 0-1

[Event "SLO-ch U12"]
[Site "Ptuj"]
[Date "2017.02.27"]
[Round "1"]
[White "Pintaric, Maj"]
[Black "Zlatanovic, Marcus"]
[Result "0-1"]
[WhiteElo "1072"]
[BlackElo "1379"]
[PlyCount "106"]
[EventDate "2017.02.27"]
[EventType "swiss"]
[EventRounds "9"]
[EventCountry "SLO"]
[SourceTitle "CBM 177 Extra"]
[Source "ChessBase"]
[SourceDate "2017.04.27"]
[SourceVersion "1"]
[SourceVersionDate "2017.04.27"]
[SourceQuality "1"]

1. e4 c5 2. Nc3 Nc6 3. g3 g6 4. Bg2 Bg7 5. Nge2 e6 6. d3 Nge7 7. 0-0 0-0 8. f4 a6 9. Be3 Nd4 10. Qd2 d6 11. h3 Rb8 12. g4 f5 13. Ng3 Qc7 14. Qf2 b5 15. g5 b4 16. Nd1 d5 17. e5 Qb6 18. h4 Nec6 19. h5 Rd8 20. hxg6 hxg6 21. Qd2 Kf7 22. Ne2 c4 23. c3 Nxe2+ 24. Qxe2 Qb5 25. Qd2 cxd3 26. cxb4 Nxb4 27. Nc3 Qc4 28. b3 Qc7 29. Rfc1 Nc2 30. Rab1 d4 31. Qxd3 Nxe3 32. Nd1 Qb6 33. Nxe3 dxe3 34. Qe2 Rd2 35. Qe1 e2+ 36. Kh1 Qd8 37. Bf3 Bb7 38. Bxb7 Rxb7 39. Kg1 Qd4+ 40. Kh1 Rd7 41. Rc4 Rd1 42. Rxd4 R7xd4 43. Kg2 Rxe1 44. Rxe1 Rd2 45. Kf2 Rxa2 46. Rxe2 Rxe2+ 47. Kxe2 Ke7 48. Kd3 Kd7 49. Kd4 Kc6 50. b4 Kb5 51. Kc3 Bf8 52. Kb3 Bxb4 53. Ka2 Bd2 0-1